000 01094nam a2200241Ia 4500
001 16902
003 GE_BSU
008 181216s||||||||xx |||||||||||||| ||und||
040 _cGE_BSU
080 _a821.161.1-32
100 _aტრიფონოვი, იური
245 _aსხვა ცხოვრება
245 _bმოთხრობები
245 _cთარგმნა ე. კეჭაღმაძემ. რედ.ე.გოგოლაშვილი
260 _aთბილისი
260 _bსაბჭ. საქართველო
260 _c1980
300 _a247გვ. ; 20სმ
653 _aმოთხრობები
653 _aსხვა ცხოვრება
653 _aსხვა ცხოვრება; მოგზაურობა; ვერა და ზოიკა; დიდ წინაფრიანი კეპი; ზაფხულის შუადღე იყო; იმ შემოდგომით სოკო უხვად იყო; მტრედები
942 _cBK
999 _c49966
_d49966